ՀՀ Գիտությունների ազգային ակադեմիայի հիմնարար գիտական գրադարան  =   Fundamental Scientific Library of NAS RA

Учебник физической химии : (Record no. 243388)

MARC details
000 -LEADER
fixed length control field 00960nam a2200241 a 4500
001 - CONTROL NUMBER
control field 000663904
003 - CONTROL NUMBER IDENTIFIER
control field AM-YeHGA
005 - DATE AND TIME OF LATEST TRANSACTION
control field 20250617141705.0
008 - FIXED-LENGTH DATA ELEMENTS--GENERAL INFORMATION
fixed length control field 090604s1933 ||| r 000 0 rus d
040 ## - CATALOGING SOURCE
Original cataloging agency AM-YeHGA
041 1# - LANGUAGE CODE
Language code of text/sound track or separate title rus
Language code of original ger
090 ## - LOCALLY ASSIGNED LC-TYPE CALL NUMBER (OCLC); LOCAL CALL NUMBER (RLIN)
-- 244972
100 1# - MAIN ENTRY--PERSONAL NAME
Personal name Эггерт, Дж.
245 10 - TITLE STATEMENT
Title Учебник физической химии :
Remainder of title Учебное пособие /
Statement of responsibility, etc. Дж. Эггерт, Л. Гок ; Пер. с нем. под ред. К.П. Мищенко.
250 ## - EDITION STATEMENT
Edition statement 3-е изд.
260 ## - PUBLICATION, DISTRIBUTION, ETC.
Place of publication, distribution, etc. Ленинград :
Name of publisher, distributor, etc. Госхимтехиздат ,
Date of publication, distribution, etc. 1933.
300 ## - PHYSICAL DESCRIPTION
Extent 711 с. :
Other physical details ил.
504 ## - BIBLIOGRAPHY, ETC. NOTE
Bibliography, etc. note Список лит. c. 678-686
534 ## - ORIGINAL VERSION NOTE
Introductory phrase Оригинал на нем. :
-- Lehrbuch der Physikalischen Chemie in Elementarer Darstellung /
Main entry of original Dr. John Eggert, Dr. Lothar Hoch -
Publication, distribution, etc. of original Leipzig : 1931
650 14 - SUBJECT ADDED ENTRY--TOPICAL TERM
Topical term or geographic name entry element Физическая химия
700 1# - ADDED ENTRY--PERSONAL NAME
Personal name Гок, Л.
700 1# - ADDED ENTRY--PERSONAL NAME
Personal name Мищенко, К.П.
Relator term пер.
Relationship trl
Holdings
Withdrawn status Lost status Damaged status Not for loan Collection Home library Current library Date acquired Total checkouts Full call number Barcode Date last seen Price effective from Koha item type Public note
        General Fundamental Scientific Library Fundamental Scientific Library 29/12/2016   PII/566219 FL0114305 29/12/2016 29/12/2016 Գրքեր / Books 30 Days Loan


ՀՀ ԳԱԱ հիմնարար գիտական գրադարան
ՀՀ,Երևան 0019
Մարշալ Բաղրամյան 24/6
հեռախոս:(374-10) 52-47-50
Հետադարձ կապ

All site content, except where otherwise noted, is licensed under a
Creative Commons License